| 000 | 00604nam a2200157 i 4500 | ||
|---|---|---|---|
| 001 | 27547 | ||
| 003 | ES-MaACL | ||
| 005 | 20230906153637.0 | ||
| 007 | t| | ||
| 008 | 030114s1908 fr ||||1| fre d | ||
| 100 | 1 |
_aAubert, Louis. _923798 |
|
| 245 | 1 | 0 |
_aAmericains et japonais _b: L'emigration japonaise aux Hawai en Californe, au Canada et dans l'Amerique du Sud : le emflit économique, social et politique : Les Etats-Unis, le Japon et les puinances / _cLouis Aubert. |
| 260 |
_aParís : _bColommiers, _c1908 ( _fPaul Brodard) |
||
| 300 |
_a430 p. : _b1 map. ; _c19 cm. |
||
| 852 |
_aES-MaACL _jF-10553 |
||
| 999 |
_c27547 _d27547 |
||